Estatísticas para Matemática rápida - dobre esse número!

Clique aqui para jogar o quiz

Estatísticas Gerais

  • Esse quiz foi jogado 294 vezes
  • A pontuação média é 11 de 20

Estatísticas das Respostas

númerodobro% Correto
510
100%
50100
100%
5031006
100%
5051010
100%
5061012
100%
51102
100%
5111022
100%
5171034
100%
5181036
100%
5191038
100%
52104
100%
5201040
100%
5211042
100%
5301060
100%
5311062
100%
5321064
100%
5331066
100%
5401080
100%
5421084
100%
5481096
100%
5491098
100%
5541108
100%
5591118
100%
5641128
100%
5711142
100%
5751150
100%
5781156
100%
58116
100%
60120
100%
6001200
100%
6021204
100%
6031206
100%
6071214
100%
6081216
100%
6091218
100%
61122
100%
6101220
100%
6201240
100%
6211242
100%
63126
100%
6301260
100%
6331266
100%
6351270
100%
64128
100%
6431286
100%
6451290
100%
6491298
100%
6511302
100%
66132
100%
6611322
100%
6631326
100%
6681336
100%
67134
100%
68136
100%
714
100%
7001400
100%
7021404
100%
7081416
100%
7111422
100%
7171434
100%
72144
100%
7201440
100%
7241448
100%
7291458
100%
7301460
100%
7311462
100%
7321464
100%
74148
100%
7411482
100%
7441488
100%
7461492
100%
7471494
100%
7481496
100%
75150
100%
7501500
100%
7511502
100%
7531506
100%
76152
100%
7601520
100%
77154
100%
7791558
100%
7931586
100%
7941588
100%
816
100%
80160
100%
8011602
100%
8041608
100%
8071614
100%
8081616
100%
8111622
100%
8121624
100%
8181636
100%
8211642
100%
83166
100%
8411682
100%
8441688
100%
8551710
100%
86172
100%
8651730
100%
8781756
100%
88176
100%
89178
100%
8951790
100%
918
100%
9001800
100%
9011802
100%
9021804
100%
9031806
100%
9041808
100%
9071814
100%
9081816
100%
9091818
100%
9101820
100%
9151830
100%
9161832
100%
92184
100%
93186
100%
9381876
100%
9441888
100%
9451890
100%
95190
100%
9611922
100%
9761952
100%
9831966
100%
99198
100%
9901980
100%
1020
100%
100200
100%
101202
100%
105210
100%
106212
100%
107214
100%
111222
100%
113226
100%
114228
100%
118236
100%
120240
100%
121242
100%
123246
100%
125250
100%
1326
100%
130260
100%
131262
100%
132264
100%
134268
100%
135270
100%
138276
100%
140280
100%
142284
100%
144288
100%
151302
100%
153306
100%
154308
100%
158316
100%
1632
100%
160320
100%
172344
100%
177354
100%
182364
100%
183366
100%
190380
100%
200400
100%
204408
100%
206412
100%
208416
100%
2142
100%
210420
100%
219438
100%
2244
100%
220440
100%
221442
100%
224448
100%
228456
100%
229458
100%
2346
100%
232464
100%
238476
100%
239478
100%
2448
100%
241482
100%
242484
100%
243486
100%
2550
100%
250500
100%
253506
100%
2652
100%
261522
100%
262524
100%
267534
100%
270540
100%
273546
100%
2856
100%
281562
100%
284568
100%
2958
100%
295590
100%
297594
100%
299598
100%
301602
100%
302604
100%
303606
100%
309618
100%
3162
100%
310620
100%
312624
100%
314628
100%
316632
100%
3264
100%
323646
100%
325650
100%
334668
100%
3468
100%
349698
100%
3570
100%
350700
100%
352704
100%
3672
100%
364728
100%
369738
100%
3774
100%
370740
100%
380760
100%
381762
100%
399798
100%
4080
100%
401802
100%
405810
100%
407814
100%
408816
100%
4182
100%
410820
100%
411822
100%
413826
100%
414828
100%
415830
100%
430860
100%
431862
100%
432864
100%
436872
100%
4488
100%
443886
100%
452904
100%
469938
100%
4794
100%
470940
100%
4896
100%
4998
100%
54108
88%
5451090
86%
71142
83%
7101420
83%
108216
83%
109218
83%
110220
83%
165330
83%
260520
83%
2754
83%
360720
83%
412824
83%
78156
82%
5991198
80%
70140
80%
7901580
80%
8061612
80%
9501900
80%
9551910
80%
103206
80%
116232
80%
143286
80%
205410
80%
3060
80%
420840
80%
440880
80%
65130
78%
5131026
75%
5141028
75%
5151030
75%
5411082
75%
5671134
75%
57114
75%
5971194
75%
6041208
75%
6121224
75%
6191238
75%
62124
75%
6311262
75%
6421284
75%
6441288
75%
69138
75%
7041408
75%
7231446
75%
7261452
75%
73146
75%
7401480
75%
7801560
75%
8291658
75%
8301660
75%
8891778
75%
90180
75%
9061812
75%
91182
75%
94188
75%
96192
75%
9601920
75%
9641928
75%
9751950
75%
127254
75%
148296
75%
1938
75%
198396
75%
201402
75%
214428
75%
227454
75%
254508
75%
259518
75%
269538
75%
290580
75%
307614
75%
331662
75%
3876
75%
402804
75%
423846
75%
424848
75%
460920
75%
461922
75%
499998
75%
104208
71%
124248
71%
126252
71%
395790
71%
280560
70%
5071014
67%
5261052
67%
53106
67%
5381076
67%
55110
67%
5531106
67%
5551110
67%
5661132
67%
5681136
67%
5721144
67%
5731146
67%
5811162
67%
5941188
67%
5951190
67%
6501300
67%
6661332
67%
6801360
67%
6961392
67%
7251450
67%
7341468
67%
7361472
67%
7521504
67%
7651530
67%
7711542
67%
7881576
67%
8031606
67%
8091618
67%
8101620
67%
8141628
67%
8191638
67%
82164
67%
8201640
67%
8401680
67%
8421684
67%
8501700
67%
8691738
67%
8731746
67%
8741748
67%
8801760
67%
9051810
67%
9201840
67%
9241848
67%
9251850
67%
9261852
67%
9401880
67%
9431886
67%
9541908
67%
97194
67%
9921984
67%
9941988
67%
112224
67%
117234
67%
119238
67%
145290
67%
1530
67%
173346
67%
184368
67%
196392
67%
207414
67%
213426
67%
216432
67%
222444
67%
230460
67%
231462
67%
240480
67%
244488
67%
246492
67%
252504
67%
287574
67%
292584
67%
305610
67%
318636
67%
320640
67%
328656
67%
343686
67%
371742
67%
374748
67%
379758
67%
3978
67%
390780
67%
398796
67%
400800
67%
403806
67%
422844
67%
448896
67%
462924
67%
468936
67%
475950
67%
490980
67%
498996
67%
7151430
63%
5001000
60%
5291058
60%
5581116
60%
56112
60%
6321264
60%
7031406
60%
7491498
60%
7551510
60%
7681536
60%
8151630
60%
8281656
60%
85170
60%
8701740
60%
9211842
60%
9511902
60%
9841968
60%
202404
60%
203406
60%
234468
60%
257514
60%
289578
60%
319638
60%
321642
60%
330660
60%
339678
60%
345690
60%
4386
60%
4692
60%
467934
60%
6381276
57%
8981796
57%
211422
57%
363726
56%
5041008
50%
5101020
50%
5231046
50%
5361072
50%
5371074
50%
5391078
50%
5461092
50%
5561112
50%
5601120
50%
5701140
50%
5831166
50%
5841168
50%
5871174
50%
59118
50%
5901180
50%
5921184
50%
5931186
50%
612
50%
6011202
50%
6061212
50%
6131226
50%
6141228
50%
6151230
50%
6231246
50%
6241248
50%
6291258
50%
6391278
50%
6401280
50%
6411282
50%
6521304
50%
6561312
50%
6721344
50%
6761352
50%
6921384
50%
6981396
50%
7011402
50%
7061412
50%
7091418
50%
7181436
50%
7191438
50%
7381476
50%
7591518
50%
7621524
50%
7771554
50%
7811562
50%
7831566
50%
7911582
50%
7921584
50%
7991598
50%
8231646
50%
8251650
50%
8311662
50%
8321664
50%
8341668
50%
8361672
50%
8381676
50%
8581716
50%
8601720
50%
8611722
50%
8681736
50%
87174
50%
8771754
50%
8851770
50%
8861772
50%
8901780
50%
8921784
50%
9111822
50%
9121824
50%
9141828
50%
9181836
50%
9221844
50%
9231846
50%
9301860
50%
9331866
50%
9391878
50%
9421884
50%
9521904
50%
9591918
50%
9621924
50%
9781956
50%
9801960
50%
9811962
50%
9821964
50%
9911982
50%
1122
50%
115230
50%
122244
50%
128256
50%
129258
50%
137274
50%
139278
50%
1428
50%
150300
50%
155310
50%
156312
50%
157314
50%
164328
50%
167334
50%
168336
50%
169338
50%
1734
50%
170340
50%
175350
50%
176352
50%
1836
50%
180360
50%
185370
50%
187374
50%
192384
50%
194388
50%
199398
50%
215430
50%
217434
50%
223446
50%
233466
50%
248496
50%
256512
50%
272544
50%
275550
50%
286572
50%
300600
50%
306612
50%
317634
50%
322644
50%
329658
50%
332664
50%
340680
50%
341682
50%
342684
50%
347694
50%
348696
50%
356712
50%
358716
50%
362724
50%
373746
50%
376752
50%
391782
50%
392784
50%
394788
50%
406812
50%
418836
50%
425850
50%
427854
50%
435870
50%
446892
50%
449898
50%
4590
50%
450900
50%
451902
50%
454908
50%
455910
50%
456912
50%
458916
50%
497994
50%
6751350
43%
6991398
43%
9791958
43%
365730
43%
5351070
40%
5471094
40%
5961192
40%
5981196
40%
6531306
40%
6861372
40%
6931386
40%
6971394
40%
7331466
40%
7421484
40%
7721544
40%
7851570
40%
7961592
40%
8131626
40%
8451690
40%
8961792
40%
9531906
40%
9701940
40%
9881976
40%
9891978
40%
188376
40%
296592
40%
333666
40%
397794
40%
428856
40%
493986
40%
5431086
38%
5121024
33%
5161032
33%
5221044
33%
5241048
33%
5251050
33%
5271054
33%
5501100
33%
5611122
33%
5621124
33%
5801160
33%
6051210
33%
6551310
33%
6571314
33%
6651330
33%
6711342
33%
6731346
33%
6771354
33%
6781356
33%
6821364
33%
6901380
33%
7391478
33%
7431486
33%
7581516
33%
7631526
33%
7741548
33%
7751550
33%
7761552
33%
8001600
33%
8021604
33%
8051610
33%
8171634
33%
8221644
33%
8571714
33%
8631726
33%
8721744
33%
8991798
33%
9291858
33%
9361872
33%
9371874
33%
9461892
33%
9471894
33%
9561912
33%
9631926
33%
9691938
33%
9741948
33%
9851970
33%
159318
33%
166332
33%
174348
33%
178356
33%
237474
33%
245490
33%
247494
33%
249498
33%
255510
33%
274548
33%
279558
33%
285570
33%
298596
33%
308616
33%
313626
33%
315630
33%
326652
33%
3366
33%
335670
33%
338676
33%
351702
33%
355710
33%
367734
33%
382764
33%
388776
33%
393786
33%
421842
33%
434868
33%
459918
33%
482964
33%
485970
33%
492984
33%
496992
33%
6691338
29%
6791358
29%
7271454
29%
7451490
29%
389778
29%
5281056
25%
5631126
25%
5651130
25%
6171234
25%
6221244
25%
6541308
25%
6591318
25%
6831366
25%
6941388
25%
7641528
25%
7661532
25%
7671534
25%
7971594
25%
8461692
25%
8481696
25%
8711742
25%
8871774
25%
8971794
25%
9131826
25%
9171834
25%
9271854
25%
9281856
25%
133266
25%
179358
25%
2040
25%
251502
25%
268536
25%
276552
25%
357714
25%
387774
25%
438876
25%
453906
25%
457914
25%
495990
25%
5091018
20%
5511102
20%
5911182
20%
6911382
20%
7071414
20%
7691538
20%
8561712
20%
9191838
20%
9681936
20%
9731946
20%
283566
20%
361722
20%
366732
20%
368736
20%
416832
20%
477954
20%
5441088
17%
5891178
17%
8531706
17%
8671734
17%
193386
17%
195390
17%
293586
17%
384768
17%
419838
17%
5011002
0%
5021004
0%
5081016
0%
5341068
0%
5521104
0%
5571114
0%
5691138
0%
5741148
0%
5761152
0%
5771154
0%
5791158
0%
5821164
0%
5851170
0%
5861172
0%
5881176
0%
6111222
0%
6161232
0%
6181236
0%
6251250
0%
6261252
0%
6271254
0%
6281256
0%
6341268
0%
6361272
0%
6371274
0%
6461292
0%
6471294
0%
6481296
0%
6581316
0%
6601320
0%
6621324
0%
6641328
0%
6671334
0%
6701340
0%
6741348
0%
6811362
0%
6841368
0%
6851370
0%
6871374
0%
6881376
0%
6891378
0%
6951390
0%
7051410
0%
7121424
0%
7131426
0%
7141428
0%
7161432
0%
7211442
0%
7221444
0%
7281456
0%
7351470
0%
7371474
0%
7541508
0%
7561512
0%
7571514
0%
7611522
0%
7701540
0%
7731546
0%
7781556
0%
7821564
0%
7841568
0%
7861572
0%
7871574
0%
7891578
0%
79158
0%
7951590
0%
7981596
0%
81162
0%
8161632
0%
8241648
0%
8261652
0%
8271654
0%
8331666
0%
8351670
0%
8371674
0%
8391678
0%
84168
0%
8431686
0%
8471694
0%
8491698
0%
8511702
0%
8521704
0%
8541708
0%
8591718
0%
8621724
0%
8641728
0%
8661732
0%
8751750
0%
8761752
0%
8791758
0%
8811762
0%
8821764
0%
8831766
0%
8841768
0%
8881776
0%
8911782
0%
8931786
0%
8941788
0%
9311862
0%
9321864
0%
9341868
0%
9351870
0%
9411882
0%
9481896
0%
9491898
0%
9571914
0%
9581916
0%
9651930
0%
9661932
0%
9671934
0%
9711942
0%
9721944
0%
9771954
0%
98196
0%
9861972
0%
9871974
0%
9931986
0%
102204
0%
1224
0%
136272
0%
141282
0%
146292
0%
147294
0%
149298
0%
152304
0%
161322
0%
162324
0%
163326
0%
171342
0%
181362
0%
186372
0%
189378
0%
191382
0%
197394
0%
209418
0%
212424
0%
218436
0%
225450
0%
226452
0%
235470
0%
236472
0%
258516
0%
263526
0%
264528
0%
265530
0%
266532
0%
271542
0%
277554
0%
278556
0%
282564
0%
288576
0%
291582
0%
294588
0%
304608
0%
311622
0%
324648
0%
327654
0%
336672
0%
337674
0%
344688
0%
346692
0%
353706
0%
354708
0%
359718
0%
372744
0%
375750
0%
377754
0%
378756
0%
383766
0%
385770
0%
386772
0%
396792
0%
404808
0%
409818
0%
417834
0%
4284
0%
426852
0%
429858
0%
433866
0%
437874
0%
439878
0%
441882
0%
442884
0%
444888
0%
445890
0%
447894
0%
463926
0%
464928
0%
465930
0%
466932
0%
471942
0%
472944
0%
473946
0%
474948
0%
476952
0%
478956
0%
479958
0%
480960
0%
481962
0%
483966
0%
484968
0%
486972
0%
487974
0%
488976
0%
489978
0%
491982
0%
494988
0%

Distribuição das Pontuações

Percentil de Números Respondidos

Porcentagem de Pessoas com Cada Pontuação

Sua Pontuação Histórica

Você não jogou esse quiz